Cities of famous bands - Statistics

General Stats
  • This quiz has been taken 147 times
  • The average score is 12 of 17
Answer Stats
Band City % Correct
The Rolling Stones London
94%
The Beatles Liverpool
93%
U2 Dublin
88%
ABBA Stockholm
84%
Guns N' Roses Los Angeles
82%
Oasis Manchester
78%
AC/DC Sydney
78%
Daft Punk Paris
69%
Black Sabbath Birmingham
65%
Aerosmith Boston
65%
BTS Seoul
63%
Foo Fighters Seattle
62%
ZZ Top Houston
59%
Santana San Francisco
57%
Disturbed Chicago
52%
Tangerine Dream Berlin
37%
Massive Attack Bristol
32%
No matching quizzes found
Score Distribution
Percent of People with Each Score
Percentile by Number Answered
Your Score History
You have not taken this quiz